The future of real estate valuations (Record no. 121903)

MARC details
000 -LEADER
fixed length control field 01607nam a22002657a 4500
008 - FIXED-LENGTH DATA ELEMENTS--GENERAL INFORMATION
fixed length control field 240416t2024 xxk|||||o|||| 00| 0 eng d
020 ## - INTERNATIONAL STANDARD BOOK NUMBER
ISBN 9781783215171
041 ## - LANGUAGE CODE
Language code of text/sound track or separate title eng
110 ## - MAIN ENTRY--CORPORATE NAME
Corporate author Royal Institution of Chartered Surveyors
245 ## - TITLE STATEMENT
Title The future of real estate valuations
Subtitle : the impact of ESG
Medium [Electronic resource]
260 ## - PUBLICATION INFORMATION
Place of publication London,
Publisher Royal Institution of Chartered Surveyors,
Date January 2024
300 ## - PHYSICAL DESCRIPTION
Physical description 41p.
490 ## - SERIES TITLE
Series statement RICS World Built Environment Forum
520 ## - ABSTRACT
Abstract To fully comprehend the steps still needed to ensure ESG requirements become embedded in valuations, we need to understand the current state of play. RICS members in the Netherlands have taken the lead by composing the expert group responsible for the thought leadership paper The future of real estate valuations: The impact of ESG. The content is based on the views of the expert group, combined with conversations held with RICS valuers across Europe. It does not intend to be a research paper, but rather a starting point for further debate. It is complemented by separate national appendices on the current legislative situation and market drivers in various European countries.
650 ## - KEYWORDS
Keywords SUSTAINABILITY
650 ## - KEYWORDS
Keywords VALUATION
651 ## - SUBJECT ADDED ENTRY--GEOGRAPHIC NAME
Geographic name International
690 ## - BROAD SUBJECT
Broad subject Built Environment
9 (RLIN) 6307
700 ## - ADDED PERSONAL NAME
Added personal author Scherrenberg, Joel
700 ## - ADDED PERSONAL NAME
Added personal author Wessels, Paul
700 ## - ADDED PERSONAL NAME
Added personal author Nelisse, Paul
710 ## - ADDED CORPORATE NAME
Added corporate author Royal Institution of Chartered Surveyors
856 ## - ONLINE RESOURCE
Uniform Resource Identifier <a href="https://www.rics.org/content/dam/ricsglobal/documents/latest-news/WBEF-ESG-and-valuation-2024.pdf">https://www.rics.org/content/dam/ricsglobal/documents/latest-news/WBEF-ESG-and-valuation-2024.pdf</a>
Public note Available free on RICS.org
942 ## - ADDED ENTRY ELEMENTS (KOHA)
Suppress in OPAC Do not suppress in OPAC
Holdings
Lost status Damaged status Not for loan Current library Shelving location Date acquired Total Checkouts Full call number Date last seen Price effective from Koha item type
      Virtual Online 16/04/2024   ONLINE PUBLICATION 16/04/2024 16/04/2024 Online material